000 00849nam a2200253Ia 4500
003 OSt
005 20220930193949.0
006 a|||||r|||| 00| 0
007 ta
008 220926b |||||||| |||| 00| 0 eng d
024 _a12190
037 _cDissertations
040 _aCRL
_cCRL
_beng
041 _2eng
_aeng
100 _aSood Ajay Kumar
_9562853
110 _aUniversity of Delhi. Faculty of Medical Sciences. Department of Surgery
245 0 _aStudy of abnormalities of liver in upper abdominal surgical conditions with special reference to gall bladder.
260 _c1980
650 _aSURGERY
700 _a Dr G D Goel Supervisor
_9522942
700 _aUniversity of Delhi. Faculty of Medical Sciences. Department of Surgery
942 _cDIS
_2CC
999 _c897145
_d897145